• 首页
  • 本馆介绍
  • 公告通知
  • 最新文献
  • 馆藏检索
  • 电子资源
  • 读者导购
  • 参考咨询
  • 我的图书馆
  • 登录
  • 详细信息显示
  • 放入我的书架
  • 预约/预借图书
  • 作者相关作品
  • 分类相关作品
  • 丛书相关作品
  • 出版社相关作品

书目信息

  • 表格格式
  • 工作单格式
  • 卡片格式
题名:
现代魔芋种植实用技术问答
    
 
作者: 费甫华 , 彭金波 , 刘二喜 主编
分册:  
出版信息: 武汉   湖北科学技术出版社  2019
页数: 150页
开本: 26cm
丛书名: 丘陵山区迈向绿色高效农业丛书
单 册:
中图分类: S632.3-44
科图分类:
主题词: 芋--蔬菜园艺--基本知识
电子资源:
ISBN: 978-7-5706-0602-3
000 01055nam0 2200277 450
001 012001002241
005 20131110103102.0
010    @a978-7-5706-0602-3@dCNY38.00
100    @a20190715d2019 em y0chiy50 ea
101 0  @achi
102    @aCN@b420000
105    @aa z 000yy
106    @ar
200 1  @a现代魔芋种植实用技术问答@Axian dai mo yu zhong zhi shi yong ji shu wen da@f费甫华,彭金波,刘二喜主编
210    @a武汉@c湖北科学技术出版社@d2019
215    @a150页@c图@d26cm
225 1  @a丘陵山区迈向绿色高效农业丛书
330    @a本书主要介绍了魔芋及其产业概要、魔芋特征特性、魔芋品种选育及繁殖技术、魔芋种芋安全贮藏及运输技术、魔芋高效种植模式、魔芋种植关键技术、魔芋病虫害及其绿色防控技术、魔芋加工技术、魔芋研究方法等内容。
410  0 @12001 @a丘陵山区迈向绿色高效农业丛书
606 0  @a芋@x蔬菜园艺@x基本知识
690    @aS632.3-44@v5
701  0 @a费甫华@Afei fu hua@4主编
701  0 @a彭金波@Apeng jin bo@4主编
701  0 @a刘二喜@Aliu er xi@4主编
801  0 @aCN@b北京卓展@c20191020
905    @b1199969-72@dS632.3-44@e571@f4
    
    现代魔芋种植实用技术问答/费甫华,彭金波,刘二喜主编.-武汉:湖北科学技术出版社,2019
    150页:图;26cm.-(丘陵山区迈向绿色高效农业丛书)
    
    
    ISBN 978-7-5706-0602-3:CNY38.00
    本书主要介绍了魔芋及其产业概要、魔芋特征特性、魔芋品种选育及繁殖技术、魔芋种芋安全贮藏及运输技术、魔芋高效种植模式、魔芋种植关键技术、魔芋病虫害及其绿色防控技术、魔芋加工技术、魔芋研究方法等内容。
●
相关链接 在E读中查询图书 在五车中查询图书 在当当中查询图书 在豆瓣中查询图书


正题名:现代魔芋种植实用技术问答     索取号:S632.3-44/571         预约/预借

序号 登录号 条形码 馆藏地/架位号 状态 备注
1 1199969   211999694   第二样本阅览室/ [索取号:S632.3-44/571] 在馆    
2 1199970   211999701   第三借阅区/ [索取号:S632.3-44/571] 在馆    
3 1199971   211999710   第三借阅区/ [索取号:S632.3-44/571] 在馆    
4 1199972   211999729   第三借阅区/ [索取号:S632.3-44/571] 在馆    
唐山师范学院图书馆 欢迎您!
大连网信软件有限公司© 版权所有